|
|
|
|
| LEADER |
00000cam a22000004a 4500 |
| 001 |
musev2_80561 |
| 003 |
MdBmJHUP |
| 005 |
20230905052300.0 |
| 006 |
m o d |
| 007 |
cr||||||||nn|n |
| 008 |
180706s2018 enk o 00 0 eng d |
| 020 |
|
|
|a 9781447339076
|
| 020 |
|
|
|z 9781447339069
|
| 035 |
|
|
|a (OCoLC)1043404688
|
| 040 |
|
|
|a MdBmJHUP
|c MdBmJHUP
|
| 100 |
1 |
|
|a Vacchelli, Elena,
|e author.
|
| 245 |
1 |
0 |
|a Embodied Research in Migration Studies :
|b Using Creative and Participatory Approaches /
|c Elena Vacchelli.
|
| 264 |
|
1 |
|a Bristol :
|b Policy Press,
|c 2018.
|
| 264 |
|
3 |
|a Baltimore, Md. :
|b Project MUSE,
|c 2021
|
| 264 |
|
4 |
|c ©2018.
|
| 300 |
|
|
|a 1 online resource (120 pages).
|
| 336 |
|
|
|a text
|b txt
|2 rdacontent
|
| 337 |
|
|
|a computer
|b c
|2 rdamedia
|
| 338 |
|
|
|a online resource
|b cr
|2 rdacarrier
|
| 490 |
0 |
|
|a Policy Press shorts. Research
|
| 505 |
0 |
|
|a Introduction -- Beyond phenomenology: embodiment in qualitative research -- Doing embodied research: participatory and creative approaches -- Collage-making with migrant, refugee and asylum-seeking women -- Digital embodiments: a two-day workshop with migrant women -- Conclusions.
|
| 520 |
|
|
|a This book highlights embodiment as a qualitative research tool and outlines what it means to do embodied research in research. It shows how using this non-invasive approach with vulnerable research participants can help service users or research participants to be involved in the co- production of services and in participatory research.
|
| 588 |
|
|
|a Description based on print version record.
|
| 650 |
|
7 |
|a Women immigrants.
|2 fast
|0 (OCoLC)fst01177764
|
| 650 |
|
7 |
|a Qualitative research
|x Methodology.
|2 fast
|0 (OCoLC)fst01923255
|
| 650 |
|
7 |
|a Participant observation.
|2 fast
|0 (OCoLC)fst01054032
|
| 650 |
|
7 |
|a SOCIAL SCIENCE
|x Minority Studies.
|2 bisacsh
|
| 650 |
|
7 |
|a SOCIAL SCIENCE
|x Discrimination & Race Relations.
|2 bisacsh
|
| 650 |
|
0 |
|a Participant observation.
|
| 650 |
|
0 |
|a Qualitative research
|x Methodology.
|
| 650 |
|
0 |
|a Women immigrants.
|
| 655 |
|
7 |
|a Electronic books.
|2 local
|
| 710 |
2 |
|
|a Project Muse.
|e distributor
|
| 830 |
|
0 |
|a Book collections on Project MUSE.
|
| 856 |
4 |
0 |
|z Texto completo
|u https://projectmuse.uam.elogim.com/book/80561/
|
| 945 |
|
|
|a Project MUSE - Custom Collection
|